Quasiconformal mappings in the plane /
Guardado en:
| Autor Principal: | |
|---|---|
| Otros Autores: | |
| Formato: | Libro |
| Idioma: | English German |
| Publicado: |
Berlin :
Springer,
1973.
|
| Edición: | 2nd ed. |
| Series: | Die Grundlehren der mathematischen Wissenschaften in Einzeldarstellungen mit besonderer Berücksichtigung der Anwendungsgebiete ;
Bd. 126 |
| Materias: | |
| Etiquetas: |
Agregar Etiqueta
Sin Etiquetas, Sea el primero en etiquetar este registro!
|
| LEADER | 01075cam a2200289 a 4500 | ||
|---|---|---|---|
| 001 | MAT.inmabb004211 | ||
| 008 | 740215s1973####gw#a#####b####001#0#eng## | ||
| 005 | 20160323161403.0 | ||
| 245 | 1 | 0 | |a Quasiconformal mappings in the plane / |c O. Lehto, K. I. Virtanen ; translated from the German by K. W. Lucas. |
| 250 | |a 2nd ed. | ||
| 260 | |a Berlin : |b Springer, |c 1973. | ||
| 300 | |a vii, 258 p. : |b il. ; |c 24 cm. | ||
| 440 | 4 | |a Die Grundlehren der mathematischen Wissenschaften in Einzeldarstellungen mit besonderer Berücksichtigung der Anwendungsgebiete ; |v Bd. 126 | |
| 500 | |a Traducción de: Quasikonforme Abbildungen. Berlin : Springer, 1965. | ||
| 504 | |a Bibliografía: p. [249]-252. | ||
| 510 | 4 | |a MR, |c 49 #9202 | |
| 020 | |a 3540060936 | ||
| 020 | |a 0387060936 (New York) | ||
| 100 | 1 | |a Lehto, Olli. | |
| 240 | 1 | 0 | |a Quasikonforme Abbildungen. |l Inglés |
| 700 | 1 | |a Virtanen, K. I. | |
| 650 | 0 | |a Quasiconformal mappings. | |
| 084 | |a 30C62 |2 msc2000 | ||
| 010 | |a 73077569 | ||
| 040 | |a DLC |c DLC |d DLC | ||
| 041 | 1 | |a eng |h ger | |
| 859 | |h 30 |i L524-2 |p A-6496 |b BIB. MATEMATICA | ||
